Statistics for Terrible Country Spellings Accepted by JetPunk #2

Click here to take the quiz!

General Stats

  • This quiz has been taken 3,025 times
    (2,780 since last reset)
  • The average score is 19 of 20

Answer Stats

Accepted SpellingCorrect Spelling% Correct
pakastanPakistan
100%
isrealIsrael
99%
morrrocoMorocco
99%
buhtanBhutan
98%
gautamalaGuatemala
98%
uraguyUruguay
98%
luxembeergLuxembourg
97%
northernmacidoniaNorth Macedonia
97%
uzbeckcastanUzbekistan
97%
papaunewgiuneaPapua New Guinea
95%
phillepinesPhilippines
95%
solemanislandsSolomon Islands
95%
tuvuluTuvalu
95%
paluaPalau
94%
giuneabesauGuinea-Bissau
93%
maoritaniaMauritania
92%
vanuauauatuVanuatu
92%
trinedadTrinidad and Tobago
90%
greatbritainUnited Kingdom
90%
thecommirosComoros
89%

Score Distribution

Percentile by Number Answered

Percent of People with Each Score

Your Score History

You have not taken this quiz since the last reset